<?xml version="1.0" encoding="utf-8"?>
<?xml-stylesheet type='text/xsl' href='./oai2.xsl'?>
<OAI-PMH xmlns="http://www.openarchives.org/OAI/2.0/" xmlns:xsi="http://www.w3.org/2001/XMLSchema-instance" xsi:schemaLocation="http://www.openarchives.org/OAI/2.0/ http://www.openarchives.org/OAI/2.0/OAI-PMH.xsd">
  <responseDate>2026-05-16T02:09:24Z</responseDate>
  <request verb="GetRecord" metadataPrefix="marcxml" identifier="record_kuniweb_172010">https://kulturerbe.niedersachsen.de/oai</request>
  <GetRecord>
    <record>
      <header>
        <identifier>record_kuniweb_172010</identifier>
        <datestamp>2026-03-31T19:09:18Z</datestamp>
        <setSpec>slg0233</setSpec>
      </header>
      <metadata>
        <marc:record xmlns:marc="http://www.loc.gov/MARC21/slim" xsi:schemaLocation="http://www.loc.gov/MARC21/slim http://www.loc.gov/standards/marcxml/schema/MARC21slim.xsd">
          <marc:leader>12345nkm  22     uu 4500</marc:leader>
          <marc:controlfield tag="001">172010</marc:controlfield>
          <marc:controlfield tag="003">http://kuniweb.gbv.de</marc:controlfield>
          <marc:controlfield tag="005">2022-04-29T08:48:37</marc:controlfield>
          <marc:controlfield tag="008">|           ||||||||||||||||||||||</marc:controlfield>
          <marc:datafield tag="245" ind1="1" ind2="0">
            <marc:subfield code="a">Foto: Der Holzdrechsler</marc:subfield>
          </marc:datafield>
          <marc:datafield tag="655" ind1=" " ind2="7">
            <marc:subfield code="a">Fotografie</marc:subfield>
          </marc:datafield>
          <marc:datafield tag="046" ind1=" " ind2=" ">
            <marc:subfield code="k">1953-01-01</marc:subfield>
            <marc:subfield code="k">vor 1953</marc:subfield>
          </marc:datafield>
          <marc:datafield tag="260" ind1=" " ind2=" ">
            <marc:subfield code="g">1953-01-01</marc:subfield>
            <marc:subfield code="g">vor 1953</marc:subfield>
          </marc:datafield>
          <marc:datafield tag="300" ind1=" " ind2=" ">
            <marc:subfield code="a">Breite: 24 cm (sichtbarer Fotoausschnitt)
Höhe: 63 cm (Passepartout)
Breite: 50 cm (Passepartout)
Höhe: 40 cm (sichtbarer Fotoausschnitt)</marc:subfield>
          </marc:datafield>
          <marc:datafield tag="520" ind1=" " ind2=" ">
            <marc:subfield code="a">In Passepartout montiertes Großfoto der Darstellung einer Werkstatt eines Holzdrechslers von Jost Amman ("Der Holzdrechsler") mit gereimter Tätigkeitsbeschreibung von Hans Sachs ("Ich dreh von Buchsbaum büchßlein klein...."). (Städtisches Museum Braunschweig)

Aufschrift:
"Cf" (in Blei, Passepartout-Rückseite, unten links)

Stempel:
Löwensignet mit Umschrift "Formsammlung - der Stadt Braunschweig -" (Rundstempel in Dunkelviolett, Passepartout-Rückseite, unten links sowie oben rechts)

Aufschrift:
"53/38a (2)" (Nummerierung in Grün, Passepartout-Rückseite, unten links)

Aufschrift:
"S + T" (in Rot, Passepartout-Rückseite, unten rechts (auf dem Kopf stehend))

Aufschrift:
"aus Jost Amman "Eygentliche Beschreibung aller Stände" mit Reimen von Hans Sachs. Frankfurt 1568" (Passepartout-Vorderseite, unten links)

Stempel:
"Dr. W. Dexel Magdeburg Stadtparkstr. 1" (in Schwarz, Passepartout-Rückseite, oben rechts (vom Formsammlungsstempel überstempelt))

Aufschrift:
"162" (in Blei, Passepartout-Rückseite, oben rechts, unter dem Dexel-Stempel)</marc:subfield>
          </marc:datafield>
          <marc:datafield tag="650" ind1="1" ind2=" ">
            <marc:subfield code="a">Grafik, Fotografie &gt; Fotografie</marc:subfield>
          </marc:datafield>
          <marc:datafield tag="650" ind1="1" ind2=" ">
            <marc:subfield code="a">Fotografie</marc:subfield>
          </marc:datafield>
          <marc:datafield tag="773" ind1="0" ind2=" ">
            <marc:subfield code="t">Formsammlung</marc:subfield>
          </marc:datafield>
          <marc:datafield tag="852" ind1=" " ind2=" ">
            <marc:subfield code="a">Städtisches Museum Braunschweig</marc:subfield>
          </marc:datafield>
          <marc:datafield tag="" ind1=" " ind2=" ">
            <marc:subfield code="a">Namensnennung - Nicht kommerziell - Keine Bearbeitungen 4.0 International (CC BY-NC-ND 4.0)</marc:subfield>
          </marc:datafield>
        </marc:record>
      </metadata>
    </record>
  </GetRecord>
</OAI-PMH>
